000 00664nam a2200217Ii 4500
003 JO-AjNU
008 230605s9999||||xx |||||||||||||| ||und||
017 _a1989/9/576
040 _aJO-AjNU
_bara
_erda
_cJO-AjNU
041 _aara
050 1 4 _aLB3051.A37 1997
100 3 _aعدس،عبد الرحمن,
_eauthor
_918643
245 0 0 _aدليل المعلم في بناء الإختبارات التحصيلية
250 _aط1
264 3 1 _aعمان:المؤلف،1990
300 _a110ص
336 _atext
_btxt
_2rdacontent
337 _aunmediated
_bn
_2rdamedia
338 _avolume
_bnc
_2rdacarrier
650 4 _aالإمتحانات-دليل
_918644
999 _aA6002
_c9570
_d9570